Hoạt động Khoa học

Từ tháng 1/ 2013, đổi tên thành Khoa học công nghệ Việt Nam

में बचाया:
ग्रंथसूची विवरण
मुख्य लेखक: Bộ Khoa học và Công nghệ
स्वरूप: पुस्तक
भाषा:Undetermined
प्रकाशित: Hà Nội
विषय:
ऑनलाइन पहुंच:http://lrc.tdmu.edu.vn/opac/search/detail.asp?aID=2&ID=6847
टैग : टैग जोड़ें
कोई टैग नहीं, इस रिकॉर्ड को टैग करने वाले पहले व्यक्ति बनें!
Thư viện lưu trữ: Trung tâm Học liệu Trường Đại học Thủ Dầu Một
LEADER 00653nam a2200169Ia 4500
001 TDMU_6847
008 210410s9999 xx 000 0 und d
082 |a NULL 
100 |a Bộ Khoa học và Công nghệ 
245 0 |a Hoạt động Khoa học 
245 0 |c Bộ Khoa học và Công nghệ 
260 |a Hà Nội 
300 |a 64tr 
520 |a Từ tháng 1/ 2013, đổi tên thành Khoa học công nghệ Việt Nam 
650 |a Tạp chí Hoạt động Khoa học  
856 |u http://lrc.tdmu.edu.vn/opac/search/detail.asp?aID=2&ID=6847 
980 |a Trung tâm Học liệu Trường Đại học Thủ Dầu Một